Normal view
MARC view
Entry Topical Term
001 - CONTROL NUMBER
- control field: 21476
003 - CONTROL NUMBER IDENTIFIER
- control field: ARRUPE
005 - DATE AND TIME OF LATEST TRANSACTION
- control field: 20160118124654.0
008 - FIXED-LENGTH DATA ELEMENTS
- fixed length control field: 160118|| aca||aabn | a|a d
040 ## - CATALOGING SOURCE
- Original cataloging agency: ARRUPE
- Transcribing agency: ARRUPE
150 ## - HEADING--TOPICAL TERM
- Topical term or geographic name as entry element: Water rights
- General subdivision: Political aspects
- Geographic subdivision: Zimbabwe
- Geographic subdivision: Bulawayo.
670 ## - SOURCE DATA FOUND
- Source citation: Work cat.: (ARRUPE)0: Musemwa, Muchaparara, author. 21472, Water, history, and politics in Zimbabwe :, 2014